=LDR 00000nam 2200000 4500 =001 INLIS000000000060087 =005 20220104072531 =035 ##$$a 0010-0122000023 =007 ta =008 220104###########################0#ind## =020 ##$$a 979-3421-66-5 =082 ##$$a R.336.002 6 =084 ##$$a R.336.002 6 Ind u =245 ##$$a Undang - Undang No. 1 th 2004 Perbendaharaan Negara =300 ##$$a 217 halaman ; $c 21 cm =650 #4$$a Keuangan Negara - Undang2 dan Peraturan =264 ##$$a Jakarta :$b Sinar Grafika,$c 2004 =336 ##$$a teks$2 rdacontent =337 ##$$a lain-lain$2 rdamedia =338 ##$$a lain-lain$2 rdacarrier =990 ##$$a 00320032